1443 1689 1197 1119 1529 1851 1141 1238 1054 1437 1545 1968 1489 1397 1017 1762 1360 1518 1918 1678 1837 1801 1347 1851 1871 1383 1086 1916 1762 1818 1868 1239 1028 1786 1394 1391 1994 1208 1231 1743 1346 1518 1476 1008 1745 1017 1404 1841 1014 1378 1091 1640 1961 1426 1908 1293 1294 1686 1243 1008 1520 1601 1283 1356 1069 1706 1503 1246 1193 1655 1841 1354 1759 1906 1735 1991 1940 1178 1033 1520 1269 1264 1571 1235 1183 1864 1838 1159 1258 1598 1979 1247 1180 1141 1961 1317 1888 1001 1092 BCNSPRNW ULIB Ver.6.0+V

เปลี่ยนเป็นภาษาไทย

Change to English
 แสดงรายละเอียดบรรณานุกรม
  กลับหน้าหลัก

Brief Record : Get Marc (ISO 2709) : E-mail record : QR code < ปิดหน้าต่าง
LEADER : 00000nam 2200000uu 4500
001    13399111881
003     ULIB
008    110627s2551||||th 000 0 tha d
020    9789740415664
090    นว.^bก879ส 2551
100 0  แก่นฝัน
245 00 สืบลับกับดักรัก/^cแก่นฝัน
250    พิมพ์ครั้งที่ 1
260    กรุงเทพฯ :^bอมรินทร์ บุ๊ค เซ็นเตอร์,^c2551
300    318 หน้า
945    ^p219^l0^i023596
995    ทศพร
999 ^a ใช้งานได้ทุกระบบ
รายการนี้ยังไม่มีแท็ก
คุณยังไม่ได้ล็อกอิน คุณสามารถมีกิจกรรมร่วมกับเว็บไซต์ได้ แต่ต้องล็อกอินก่อน ::
  ล็อกอิน

รายการสื่อสารสนเทศ

ลำดับที่ ประเภท เลขเรียก/บาร์โค้ด สถานที่ สถานะ
- ไม่พบข้อมูล -

รายการใกล้เคียง
    ผู้แต่ง [แก่นฝัน]

BibComment


ยังไม่เคยถูกคอมเมนท์

คอมเมนท์ทรัพยากรรายการนี้
  คอมเมนท์: สืบลับกับดักรัก แ..


 Copyright 2026. Bcnsprnw @Library